Statistiques concernant Pays de la Coupe du monde 2022.

Cliquez ici pour prendre le quiz!

Statistiques générales

  • Ce quiz a été pris 108 700 fois
    (108 351 depuis la dernière actualisation)
  • Le résultat moyen est 23 sur 32

Statistiques - réponses

Équipes% Correct
France
99%
Argentine
96%
Espagne
93%
Maroc
92%
Brésil
90%
Portugal
90%
Allemagne
89%
Angleterre
86%
Japon
83%
Belgique
81%
Qatar
79%
Australie
79%
États-Unis
75%
Croatie
74%
Pays-Bas
74%
Danemark
73%
Tunisie
71%
Canada
71%
Sénégal
71%
Mexique
70%
Suisse
68%
Pologne
67%
Arabie saoudite
66%
Corée du Sud
65%
Uruguay
61%
Cameroun
59%
Équateur
50%
Costa Rica
45%
Iran
44%
Ghana
41%
Serbie
41%
Pays de Galles
39%

Distribution des résultats

Percentile par nombre de réponses

% des personnes avec chaque résultat

Votre développement - résultats

Vous n’avez pas pris ce quiz depuis la dernière actualisation